| 000 | 01051nam a2200241 4500 | ||
|---|---|---|---|
| 005 | 20251128154852.0 | ||
| 010 | _aB-763968-985 ENG-147170 BACEN25 | ||
| 020 |
_c1995.00 _a9789391597900 |
||
| 035 | _aB-763968-985 | ||
| 035 | _aEN-130702 | ||
| 037 | _bMisha Books | ||
| 037 |
_bDBAD _aDPL |
||
| 082 | _a301.243 | ||
| 100 |
_aSuri, Chanchal Sachdeva _985809 |
||
| 245 |
_aArtificial Intelligence In Mass Communication: _bBy Chanchal Sachdeva Suri [and] Harmeet Kaur Kochhar _cTransforming Media in the Digital Age/ |
||
| 250 | _a1 | ||
| 260 |
_bMisha Books _aNew Delhi _c2025 |
||
| 270 |
_a2356, 2nd Floor, Hudson Line, Guru Tegbahdur Nagar, _bNew Delhi _e110009 _mmishabooks2018@gmail.com _k9654444181 |
||
| 300 |
_a297p. _c24cm(hb) |
||
| 700 |
_aKochhar, Harmeet Kaur _eAuthor _977860 |
||
| 942 |
_2ddc _cEN _h301.243 _mSUR |
||
| 999 |
_c209257 _d209257 |
||